00983cam a2200253 i 450000100090000000300120000900500170002100800410003801000170007902000390009602000380013504000320017304200080020505000240021308200160023710000250025324500910027826000420036930000280041150400510043965000450049065000280053585601660056318495833NUST - PNEC20170116181203.0150218s2015 mdu b 001 0 eng  a 2015000453 a9781475808780 (cloth : alk. paper) a9781475808797 (pbk. : alk. paper) aDLCbengcLIBRARYerdadDLC apcc00aBF637.S4bB745 201500a158 BRI2231 aBright, Neil,d1949-10aRethinking everything : personal growth through transactional analysis /cNeil Bright. aU.S.A.bRowman & Littlefield;cc2015. axvi, 217 pages ;c23 cm aIncludes bibliographical references and index. 0aSelf-actualization (Psychology)xGeneral 0aTransactional analysis. uhttp://www.amazon.com/Rethinking-Everything-Personal-Transactional-Analysis/dp/1475808798/ref=sr_1_1?s=books&ie=UTF8&qid=1455784928&sr=1-1&keywords=9781475808797